书目信息 |
| 题名: |
"通灵人"尤里·盖勒的真相
|
|
| 作者: | 金岭 , 默然 译 | |
| 分册: | ||
| 出版信息: | 上海 上海科学技术出版社 1982 |
|
| 页数: | 121页 | |
| 开本: | 20cm | |
| 丛书名: | ||
| 单 册: | ||
| 中图分类: | D503 | |
| 科图分类: | ||
| 主题词: | 国际政治 | |
| 电子资源: | ||
| ISBN: | ||
| 000 | 00588nam0 2200205 450 | |
| 001 | 0656281625 | |
| 005 | 20060731153943.92 | |
| 010 | @dCNY0.40 | |
| 100 | @a20060731d1982 km y0chiy0120 ea | |
| 101 | 0 | @achi |
| 102 | @aCN@b310000 | |
| 200 | 1 | @a"通灵人"尤里·盖勒的真相@A"tong ling ren"you li·gai le de zhen xiang@f金岭,默然等译@Fjin ling,mo ran deng yi |
| 210 | @a上海@c上海科学技术出版社@d1982 | |
| 215 | @a121页@d20cm | |
| 606 | 0 | @a国际政治 |
| 690 | @aD503@v3 | |
| 701 | 0 | @a金岭@Ajin ling@4译 |
| 701 | 0 | @a默然@Amo ran@4译 |
| 801 | 0 | @aCN@bPFT@c20060731 |
| 905 | @a10447@dD503@e119 | |
| "通灵人"尤里·盖勒的真相/金岭,默然等译.-上海:上海科学技术出版社,1982 |
| 121页;20cm |
| ISBN :CNY0.40 |
| ● |
| 相关链接 |
|
|
|
|
正题名:"通灵人"尤里·盖勒的真相
索取号:D503/119
 
预约/预借
| 序号 | 登录号 | 条形码 | 馆藏地/架位号 | 状态 | 备注 |
| 1 | 0440923 | 204409238 | 密集书库/ [索取号:D503/119] | 在馆 | |
| 2 | 0440924 | 204409247 | 密集书库/ [索取号:D503/119] | 在馆 |